UBT Library

Introduction to nursing research : (Record no. 47267)

000 -LEADER
fixed length control field 00935cam a22003014a 4500
001 - CONTROL NUMBER
control field 15776676
005 - DATE AND TIME OF LATEST TRANSACTION
control field 20180823043349.0
008 - FIXED-LENGTH DATA ELEMENTS--GENERAL INFORMATION
fixed length control field 090612s2011 maua b 001 0 eng
010 ## - LIBRARY OF CONGRESS CONTROL NUMBER
LC control number 2009024377
016 7# - NATIONAL BIBLIOGRAPHIC AGENCY CONTROL NUMBER
Record control number 101507987
Source DNLM
020 ## - INTERNATIONAL STANDARD BOOK NUMBER
International Standard Book Number 9780763776152
020 ## - INTERNATIONAL STANDARD BOOK NUMBER
International Standard Book Number 0763776157
035 ## - SYSTEM CONTROL NUMBER
System control number (OCoLC)ocn403361609
040 ## - CATALOGING SOURCE
Original cataloging agency DNLM/DLC
Transcribing agency DLC
Modifying agency NLM
-- C#P
-- UBY
-- DLC
041 ## - LANGUAGE CODE
Language code of text/sound track or separate title eng
042 ## - AUTHENTICATION CODE
Authentication code pcc
060 00 - NATIONAL LIBRARY OF MEDICINE CALL NUMBER
Classification number 2010 A-683
060 10 - NATIONAL LIBRARY OF MEDICINE CALL NUMBER
Classification number WY 20.5
Item number I6196 2011
080 ## - UNIVERSAL DECIMAL CLASSIFICATION NUMBER
Universal Decimal Classification number 610.72
082 00 - DEWEY DECIMAL CLASSIFICATION NUMBER
Classification number 610.72
Edition number 22
100 ## - Rafti
Rafti 2
101 ## - Shkurtesa
Shkurtesa NUR
245 00 - TITLE STATEMENT
Title Introduction to nursing research :
Statement of responsibility, etc edited by Carol Boswell, Sharon Cannon.
504 ## - BIBLIOGRAPHY, ETC. NOTE
Bibliography, etc Includes bibliographical references and index.
906 ## - LOCAL DATA ELEMENT F, LDF (RLIN)
a 7
b cbc
c orignew
d 1
e ecip
f 20
g y-gencatlg
942 ## - ADDED ENTRY ELEMENTS (KOHA)
Source of classification or shelving scheme
Item type Books
Holdings
Withdrawn status Lost status Source of classification or shelving scheme Damaged status Not for loan Collection code Permanent location Current location Shelving location Date acquired Total Checkouts Full call number Barcode Date last seen Price effective from Koha item type
          Koleksioni i përgjithshem UBT - Lipjan UBT - Lipjan Koleksioni i përgjithshem 08/23/2018   610.72 BOS 002-3012131 08/23/2018 08/23/2018 Books
UBT Library © 2015-2024. All rights reserved University Education for Business and Technology